4-Word TV Show Slot Machine Quiz Stats

Quiz Updated Nov 5, 2015

Challenge
Share
Tweet
Score 0/30 Timer 05:00
2 Plays Today
% Correct
Teenage
98.3%
Malcolm
98.3%
Sabrina,
97.7%
Saved
96.6%
The
96.4%
The
95.3%
America's
94.1%
The
93.9%
Touched
93.3%
Leave
91.8%
Mighty
91.7%
Once
91.6%
Days
91.2%
Deal
90%
I
89.4%
% Correct
My
88.5%
Are
87.9%
Dr.
87.9%
Pinky
87.9%
The
86.1%
As
83.3%
All
82.8%
Avatar:
82%
My
81.7%
Hangin'
80%
Dog
79.9%
Clarissa
79.9%
What
78.9%
One
71.8%
Aqua
68.8%

You're not logged in!

Compare scores with friends on all Sporcle quizzes.
Join for Free
OR
Log In

You Might Also Like...

Show Comments

Extras

Top Quizzes Today


Score Distribution

Your Account Isn't Verified!

In order to create a playlist on Sporcle, you need to verify the email address you used during registration. Go to your Sporcle Settings to finish the process.

Report this User

Report this user for behavior that violates our Community Guidelines.

Details: